| 000 | 00658cam a2200193 a 4500 | ||
|---|---|---|---|
| 020 | _a0470217049 : | ||
| 082 | 0 | 0 |
_a620.0042020285 _bYAR _cL-2, P-164 |
| 100 | 1 |
_aYarwood, A. _940516 |
|
| 245 | 1 | 2 |
_aA student's AutoCAD / _cA. Yarwood. |
| 260 |
_aHarlow, Essex, England : _bLongman Scientific & Technical ; _aNew York, NY : _bWiley, _c1991. |
||
| 300 |
_axii, 183 : _bill. (some col.) ; _c26 cm. |
||
| 500 | _aIncludes index. | ||
| 526 |
_a0 _b0 _c0 _d620_004202028500000_YAR |
||
| 526 |
_a0 _b0 _c0 _d620_004202028500000_YAR |
||
| 526 |
_a0 _b0 _c0 _d620_004202028500000_YAR |
||
| 526 |
_a0 _b0 _c0 _d620_004202028500000_YAR |
||
| 650 |
_aMCE _9379 |
||
| 942 |
_2ddc _cBK |
||
| 999 |
_c544780 _d544780 |
||